LEADER 01030nas a2200253 i 4500 001 000000155844 003 CaOOAMICUS 005 20070820000000.0 008 061121b2006 sz uu u0 0mul r 013 $a133198 040 $aSeMil$bita 245 10$a[2006]. 260 $aBellinzona :$bSalvioni,$c2006. 300 $a418 p. :$bill. ;$c23 cm. 700 1 $aPro Helvetia, Fondazione svizzera per la cultura .$0(OLS)http://semarc/name/46654 710 1 $aTicino .$0(OLS)http://semarc/name/46653 773 0 $tBollettino Storico della Svizzera Italiana.$bEd. semestrale.$dBellinzona : Salvioni $x0006-6869$w()12261 774 0 $t[SENZA TITOLO].$z88-7967-133-2$w()265390 774 0 $t[SENZA TITOLO].$z978-88-7967-174-3$w()267008 850 $aSeMil 852 $aSeMil$W1$xVenegono$y1$m213 2 155$j107671$B107671$CSeMilBibl$Z2$F125936 $85 961 $aCambio: Scuola Cattolica 996 $6245$a[2006]$9(OLS)http://semarc/title/140392 996 $6260$aBellinzona :$bSalvioni$9(OLS)http://semarc/publisher/33368 LEADER 01432nas a2200277 i 4500 001 000000167238 003 CaOOAMICUS 005 20071210000000.0 008 071127b2007 sp uu u0 0spa r 013 $a144611 040 $aSeMil$bita 100 1 $aCerverón Lleó, Ricardo.$0(OLS)http://semarc/name/62914 240 10$aRevisión de la catalogación y contextualización del epistolario de San José de Calasanz mediante las tecnologías de la información : un nuevo instrumento para acceder a su pensamiento pedagógico.$0(OLS)http://semarc/title/239182 245 10$a2007 : Julio-Diciembre. 260 $aMadrid :$b[s.n.],$c2007$e(Madrid :$fOrden de las Escuelas Pías, Delegación General ,$g2007) 300 $a262 p. :$bill., grafici, tabelle ;$c24 cm. 500 $aContiene : Bibliografía consultada. 700 1 $aCerverón Lleó, Vicente.$0(OLS)http://semarc/name/62916 700 1 $aPrats Mora, José Ignacio.$0(OLS)http://semarc/name/62915 700 1 $aJosé : de Calasanz .$0(OLS)http://semarc/name/3720 773 0 $tAnalecta Calasanctiana.$dSalamanca : Colegio «P. Scío» $x0210-9581$w()1804 850 $aSeMil 852 $aSeMil$W1$xVenegono$y1$m226 3 48$j118390$B118390$CSeMilBibl$Z2$F129798 $85 961 $aCambio: Scuola Cattolica 996 $6245$a2007 : Julio-Diciembre$9(OLS)http://semarc/title/239181 996 $6260$aMadrid :$b[s.n.]$9(OLS)http://semarc/publisher/30474